000 00615nam a2200205Ia 4500
005 20250508165953.0
008 008 250505s9999 xx 000 0 eng d
020 _a978-0-631-21753-4
037 _aTextBook
040 _aFEDL
_beng
_cFEDL
041 _aeng
_2eng
084 _a153, HAL/R
_qFEDL
100 _aHalpern Diane F
245 0 _aCritical thinking across the curriculum: A Brief edition of though and knowledge
260 _aNew Jeresy, USA
_bLawrence Erlbaum Associates
_c1997
300 _aviii, 284p.
365 _aINR
_b589
942 _cTB
_h153, HAL/R
999 _c1398462
_d1398462